Symbolising boundaries : identity and diversity in British cultures
Αποθηκεύτηκε σε:
| Άλλοι συγγραφείς: | |
|---|---|
| Μορφή: | Βιβλίο |
| Γλώσσα: | English |
| Δημοσίευση: |
Manchester :
Manchester University Press,
[1988], c1986
|
| Σειρά: | Anthropological studies of Britain ;
; 2 |
| Θέματα: | |
| Ετικέτες: |
Προσθήκη ετικέτας
Δεν υπάρχουν, Καταχωρήστε ετικέτα πρώτοι!
|
MARC
| LEADER | 00000cam a2200000 i 4500 | ||
|---|---|---|---|
| 001 | 1/91959 | ||
| 008 | 950316r19881986 eng d | ||
| 020 | |a 0-7190-2201-0 | ||
| 035 | |l 10008261 | ||
| 040 | |a GR-MY-UA |b gre |e aacr | ||
| 041 | 0 | |a eng | |
| 082 | 0 | |a 306.0941 | |
| 245 | 1 | 0 | |a Symbolising boundaries : |b identity and diversity in British cultures / |c edited by Anthony P. Cohen |
| 260 | |a Manchester : |b Manchester University Press, |c [1988], c1986 | ||
| 300 | |a x, 189 p.; |b ill.; |c 24 cm | ||
| 490 | 1 | |a Anthropological studies of Britain |v ; 2 | |
| 504 | |a Includes bibliographical references and index | ||
| 650 | 0 | 0 | |a Community. |
| 651 | 0 | |a Great Britain |x Social conditions |y 1945- | |
| 651 | 0 | |a Great Britain |x Social life and customs |y 1945- | |
| 700 | 1 | |a Cohen, Anthony P. |q (Anthony Paul) |d 1946- |4 edt | |
| 830 | 0 | |a Anthropological studies of Britain ; |v ; 2 | |
| 852 | |a INST |b LESVOS |e 19960201 |h 306.0941 SYM |p 005100000422 |q 005100000422 |t BK |y 0 | ||
| 852 | |a INST |b LESVOS |e 19950316 |h 306.0941 SYM |p 005100002319 |q 005100002319 |t BK |y 0 | ||
| 909 | |a Λ |b 009701 | ||
| 909 | |a Λ |b 010723 | ||